00482nam a2200193 a 4500001001300000003000900013005001700022008004100039020001000080082001800090100001700108245002200125260004300147300000900190500003500199505001700234650002000251700001700271nice12345678IN_TiNIC20260116011442.0050524s1934 cula grp 000 0 eng  ac10000a305.6297bBAR aBartold, V V aMussulman Culture aCulcattabUniversity of Calcuttac1934 a146p aincludes index and biblioraphy2 aIndex, Illus aIslamic-Culture1 aBartold, V V